Estatísticas para Cultura Geral

Clique aqui para jogar o quiz

Estatísticas Gerais

  • Esse quiz foi jogado 19 vezes
  • A pontuação média é 5 de 15

Estatísticas das Respostas

HintResposta% Correto
Em que país nasceu Yao Ming?China
88%
Quem canta a música "Sorry"?Justin Bieber
65%
O Mandiopã é um salgado típico de que país?Brasil
59%
Que molécula composta por dois átomos de hidrogénio e um de oxigénio?Água
47%
Quem canta a música "All I Want for Christmas Is You"?Mariah Carey
41%
Quem canta a música "Girl on Fire"?Alicia Keys
29%
Que nome damos ao estabelecimento religioso onde clérigos vivem em comunidade?Convento
29%
Quem canta a música "Cheerleader"?OMI
29%
O paio é um enchido tradicional em que país?Portugal
29%
Quem canta a música " Pillowtalk"?Zayn
29%
Quem canta a música"Fancy"?Iggy Azalea
24%
Cacık é um prato típico de que país?Turquia
24%
Quem canta a música "Take a Bow"?Rihanna
18%
Quem canta a música "Dream On"?Aerosmith
12%
Tarator é uma sopa típica de que país?Bélgica
0%

Distribuição das Pontuações

Percentil de Números Respondidos

Porcentagem de Pessoas com Cada Pontuação

Sua Pontuação Histórica

Você não jogou esse quiz